Principles of Sociology/ (Record no. 190646)

MARC details
000 -LEADER
fixed length control field 00545nam a22001817a 4500
005 - DATE AND TIME OF LATEST TRANSACTION
control field 20220802103559.0
010 ## - LCCN (DPL NO)
LC control number ENG-134142
020 ## - INTERNATIONAL STANDARD BOOK NUMBER
International Standard Book Number 9788182890160
Terms of availability 800.00
035 ## - SYSTEM CONTROL NUMBER
System control number EN-117674
037 ## - SOURCE OF ACQUISITION
Source of stock number/acquisition DBAB/PUB
082 ## - DEWEY DECIMAL CLASSIFICATION NUMBER
Classification number 301
100 ## - MAIN ENTRY--PERSONAL NAME
Personal name Roy, Deepankar
245 ## - TITLE STATEMENT
Title Principles of Sociology/
Statement of responsibility, etc by Deepankar Roy
260 ## - PUBLICATION, DISTRIBUTION, ETC. (IMPRINT)
Place of publication, distribution, etc Jaipur
Name of publisher, distributor, etc Indian Publishing House
Date of publication, distribution, etc 2015
270 ## - ADDRESS
Address 852, Mahaveer Nagar, Tonk Road
City Jaipur
Postal code 302018
Electronic mail address iphbooks852@gmail.in
300 ## - PHYSICAL DESCRIPTION
Extent 323p.
Other physical details Index
Dimensions 22cm(hb)
942 ## - ADDED ENTRY ELEMENTS (KOHA)
Source of classification or shelving scheme Dewey Decimal Classification
Item type English Books
Classification part 301
Call number suffix ROY
Holdings
Withdrawn status Lost status Not for loan Collection code Home library Current library Date acquired Source of acquisition Cost, normal purchase price Full call number Barcode Copy number Cost, replacement price Koha item type
      Non-fiction Bawana Bawana 02/08/2022 DBAD/PUB 800.00 301 ROY EN-117674 1 800.00 English Books

© Delhi Public Library
Hit Counter
free hit counter